Irrigation engineering and hydraulic structures (Record no. 547876)

000 -LEADER
fixed length control field 00400nam a22001337a 4500
082 ## - DEWEY DECIMAL CLASSIFICATION NUMBER
Classification number 627.5
Author Mark GAR
-- L-38, P-94
100 ## - MAIN ENTRY--PERSONAL NAME
Personal name Garg, Santosh Kumar
9 (RLIN) 25137
245 ## - TITLE STATEMENT
Title Irrigation engineering and hydraulic structures
Statement of responsibility, etc. Santosh Kumar Garg
260 ## - PUBLICATION, DISTRIBUTION, ETC.
Place of publication, distribution, etc. Delhi
Name of publisher, distributor, etc. Khanna Publishers
Date of publication, distribution, etc. 2008
300 ## - PHYSICAL DESCRIPTION
Extent xxxi, 1594 p. :
526 ## - STUDY PROGRAM INFORMATION NOTE
Program name 0
Interest level 0
Reading level 0
Title point value 627_500000000000000_GAR
650 ## - SUBJECT ADDED ENTRY--TOPICAL TERM
Topical term or geographic name entry element MCE
9 (RLIN) 379
942 ## - ADDED ENTRY ELEMENTS (KOHA)
Source of classification or shelving scheme
Koha item type Book
Holdings
Withdrawn status Lost status Source of classification or shelving scheme Damaged status Not for loan Permanent Location Current Location Date acquired Total Checkouts Full call number Barcode Date last seen Date last checked out Price effective from Koha item type
          Military College of Engineering (MCE) Military College of Engineering (MCE) 08/08/2014 2 627.5 GAR MCE-39284 05/18/2020 04/23/2020 08/08/2014 Book
© 2023 Central Library, National University of Sciences and Technology. All Rights Reserved.